Statistics for Famous People from Idaho

Click here to take the quiz!

General Stats

  • This quiz has been taken 845 times
    (685 since last reset)
  • The average score is 4 of 9

Answer Stats

ClueHometownAnswer% Correct
"The Old Man and the Sea" author - he spent his last two years in IdahoKetchumErnest Hemingway
79%
She guided Lewis and Clark-Sacajawea
76%
Maverick Alaska politician - born in Idaho and studied at North Idaho CollegeSandpointSarah Palin
63%
Gold medalist ski racer, first name PicaboTriumphPicabo Street
45%
Nez Perce chief who tried to lead his people to Canada-Chief Joseph
29%
Hit 573 home runs for the Senators, Twins, and RoyalsPayetteHarmon Killebrew
24%
Former Denver Broncos quarterback called "The Snake"BoiseJake Plummer
22%
Some consider him to be the inventor of the televisionRigbyPhilo Farnsworth
15%
Former Republican senator who used a "wide stance" in an airport bathroomCouncilLarry Craig
13%

Score Distribution

Percentile by Number Answered

Percent of People with Each Score

Your Score History

You have not taken this quiz since the last reset